书目信息 |
| 题名: |
时空海洋
|
|
| 作者: | 申长敬 编著 | |
| 分册: | ||
| 出版信息: | 北京 海潮出版社 2004.01 |
|
| 页数: | 276页 | |
| 开本: | 20cm | |
| 丛书名: | 海洋与军事系列 | |
| 单 册: | ||
| 中图分类: | E993.1 | |
| 科图分类: | ||
| 主题词: | 军事地形学 , 军事地理学 | |
| 电子资源: | ||
| ISBN: | 7-80151-792-X | |
| 000 | 00732nam0 2200241 450 | |
| 001 | 0531009213 | |
| 005 | 20090622092801.10 | |
| 010 | @a7-80151-792-X@dCNY19.00 | |
| 100 | @a20050119d2004 km y0chiy0120 ea | |
| 101 | 0 | @achi |
| 102 | @aCN@b110000 | |
| 200 | 1 | @a时空海洋@Ashi kong hai yang@e生存与发展的海洋世界@f申长敬编著@Fshen chang jing bian zhu |
| 210 | @a北京@c海潮出版社@d2004.01 | |
| 215 | @a276页@d20cm | |
| 225 | 2 | @a海洋与军事系列 |
| 410 | 0 | @12001 @a海洋与军事系列 |
| 517 | 1 | @a生存与发展的海洋世界@Asheng cun yu fa zhan de hai yang shi jie |
| 606 | 0 | @a军事地形学 |
| 606 | 0 | @a军事地理学 |
| 690 | @aE993.1@v4 | |
| 701 | 0 | @a申长敬@Ashen chang jing@4编著 |
| 801 | 0 | @aCN@bPFT@c20090622 |
| 905 | @aBZT@dE993.1@e5 | |
| 时空海洋:生存与发展的海洋世界/申长敬编著.-北京:海潮出版社,2004.01 |
| 276页;20cm.-(海洋与军事系列) |
| ISBN 7-80151-792-X:CNY19.00 |
| ● |
| 相关链接 |
|
|
|
正题名:时空海洋
索取号:E993.1/5
 
预约/预借
| 序号 | 登录号 | 条形码 | 馆藏地/架位号 | 状态 | 备注 |
| 1 | 381650 | 210123686 | 中心书库北库/ 北库005架A面2列4层24/ [索取号:E993.1/5] | 在馆 | |
| 2 | 381651 | 210123695 | 中心书库北库/ 北库005架A面2列4层21/ [索取号:E993.1/5] | 在馆 | |
| 3 | 381652 | 210123702 | 中心书库北库/ 北库005架A面2列4层11/ [索取号:E993.1/5] | 在馆 | |
| 4 | 381653 | 210123668 | 中心书库北库/ 北库005架A面2列4层20/ [索取号:E993.1/5] | 在馆 | |
| 5 | 381654 | 210123677 | 中心书库北库/ 北库005架A面2列4层22/ [索取号:E993.1/5] | 在馆 | |
| 6 | 381655 | 210123711 | 中心书库北库/ 北库005架A面2列4层16/ [索取号:E993.1/5] | 在馆 | |
| 7 | 381656 | 210123720 | 中心书库北库/ 北库005架A面2列4层17/ [索取号:E993.1/5] | 在馆 | |
| 8 | 381657 | 210123739 | 中心书库北库/ 北库005架A面2列4层35/ [索取号:E993.1/5] | 在馆 | |
| 9 | 381658 | 210123748 | 中心书库北库/ 北库005架A面2列4层38/ [索取号:E993.1/5] | 在馆 | |
| 10 | 381659 | 210123757 | 中心书库北库/ 北库005架A面2列4层36/ [索取号:E993.1/5] | 在馆 | |
| 11 | 401126 | 210300093 | 中心书库北库/ 北库005架A面2列4层18/ [索取号:E993.1/5] | 在馆 | |
| 12 | 401128 | 210300075 | 中心书库北库/ 北库005架A面2列4层27/ [索取号:E993.1/5] | 在馆 | |
| 13 | 401129 | 210300066 | 中心书库北库/ 北库005架A面2列4层12/ [索取号:E993.1/5] | 在馆 | |
| 14 | 401130 | 210300057 | 中心书库北库/ 北库005架A面2列4层23/ [索取号:E993.1/5] | 在馆 | |
| 15 | 401131 | 210300048 | 思政阅览室/思1架B面1层3列/ [索取号:E993.1/5] | 在馆 | |
| 16 | 401132 | 210300039 | 中心书库北库/ 北库005架A面2列4层19/ [索取号:E993.1/5] | 在馆 | |
| 17 | 401133 | 210300020 | 中心书库北库/ 北库005架A面2列4层25/ [索取号:E993.1/5] | 在馆 | |
| 18 | 401134 | 210300011 | 中心书库北库/ 北库005架A面2列4层26/ [索取号:E993.1/5] | 在馆 | |
| 19 | 401135 | 210301109 | 中心书库北库/ 北库005架A面2列4层37/ [索取号:E993.1/5] | 在馆 |